Statistics for Capitals of Most Populated Countries

Click here to take the quiz!

General Stats

  • This quiz has been taken 39,595 times
  • The average score is 14 of 20

Answer Stats

Country Capital % Correct
ChinaBeijing
97%
United StatesWashington, D.C.
97%
IndiaNew Delhi
94%
RussiaMoscow
92%
JapanTokyo
87%
BrazilBrasilia
85%
MexicoMexico City
84%
IndonesiaJakarta
79%
GermanyBerlin
78%
EgyptCairo
71%
ThailandBangkok
65%
PakistanIslamabad
64%
PhilippinesManila
59%
IranTehran
57%
BangladeshDhaka
53%
TurkeyAnkara
52%
VietnamHanoi
46%
NigeriaAbuja
43%
D.R. CongoKinshasa
38%
EthiopiaAddis Ababa
38%

Score Distribution

Percentile by Number Answered

Percent of People with Each Score

Your Score History

You have not taken this quiz